Underwhelmed Tourists IV Quiz Stats

 Plays Quiz Updated May 6, 2018

Challenge
Share
Tweet
Embed
Score 0/24 Timer 10:00
3 Plays Today
% Correct
Petronas Twin Towers
88.8%
Trevi Fountain
88.8%
Notre-Dame Cathedral
88.2%
Terracotta Army
87.5%
Mount Fuji
86.3%
Victoria and Albert Museum
85%
Bran Castle
84.9%
Apartheid Museum
82.7%
Blue Lagoon Iceland
80.4%
Guinness Storehouse
77.7%
Copacabana Beach
76.8%
Chichén Itzá
75.3%
% Correct
Downing Street
70.5%
Guggenheim Museum Bilbao
67.1%
The High Line
64.3%
Coney Island
64.1%
The Kremlin
63.7%
Bayreuth Festspielhaus
63.4%
Melbourne Cricket Ground
59.6%
Old South Meeting House
58.2%
The Rock of Gibraltar
49.2%
Knossos
44.2%
Sydney Harbour Bridge
42.9%
The Alhambra
38.3%

You're not logged in!

Compare scores with friends on all Sporcle quizzes.
Join for Free
OR
Log In

You Might Also Like...

Show Comments

Extras

Top Quizzes Today


Score Distribution

Your Account Isn't Verified!

In order to create a playlist on Sporcle, you need to verify the email address you used during registration. Go to your Sporcle Settings to finish the process.

Report this User

Report this user for behavior that violates our Community Guidelines.

Details: